Kraje z najmniejszą ilością turystów. - Statystyki

Ogólne statystyki
  • Ten quiz został rozwiązany 49 razy
  • Średni wynik to 5 z 10
Statystyki odpowiedzi
Turyści na rok Odpowiedź % Poprawnych
ok. 1200 Tuvalu
76%
200 Nauru
74%
5000 Wyspy Marshalla
64%
4700 Kiribati
62%
17500 Afganistan
57%
500 Somalia
48%
7000 Turkmenistan
45%
15000 Komory
36%
8000 Wyspy Świętego Tomasza i Książęca
29%
6000 Gwinea Równikowa
17%
Nie znaleziono quizów pasujących do podanych kryteriów
Rozkład punktacji
Procent ludzi z każdym wynikiem
Percentyl według liczby udzielonych odpowiedzi
Twoja historia wyników
Nie rozwiązałeś tego quizu